Documento expedido a Don Thomas de la Maza (Record no. 5113)
[ view plain ]
| 000 -CABECERA | |
|---|---|
| campo de control de longitud fija | 02362nam a2200325 a 4500 |
| 001 - NÚMERO DE CONTROL | |
| campo de control | BRCA_5419 |
| 005 - FECHA Y HORA DE LA ÚLTIMA TRANSACCIÓN | |
| campo de control | 20190320205053.0 |
| 008 - DATOS DE LONGITUD FIJA--INFORMACIÓN GENERAL | |
| campo de control de longitud fija | 101210m18411842sp-####f#v---#000-0#spa-# |
| 041 ## - CÓDIGO DE LENGUA | |
| Código de lengua del texto/banda sonora o título independiente | spa |
| 044 ## - CÓDIGO DEL PAÍS DE LA ENTIDAD EDITORA/PRODUCTORA | |
| Código MARC del país | sp |
| 084 ## - OTRO NÚMERO DE CLASIFICACIÓN | |
| Número de clasificación | DOC6 |
| Número de documento/Ítem | .M39 |
| -- | 1841 |
| -- | D1995 |
| 100 1# - ENTRADA PRINCIPAL--NOMBRE DE PERSONA | |
| Nombre de persona | Maza, Thomas de la |
| Títulos y otros términos asociados al nombre | Militar |
| 9 (RLIN) | 13844 |
| 245 10 - MENCIÓN DE TÍTULO | |
| Título | Documento expedido a Don Thomas de la Maza |
| Mención de responsabilidad, etc. | Thomas de la Maza, S. M. la Reina Doña Isabel II. |
| 260 ## - PUBLICACIÓN, DISTRIBUCIÓN, ETC. | |
| Lugar de publicación, distribución, etc. | Madrid, España |
| Fecha de publicación, distribución, etc. | 1841-1842 |
| 300 ## - DESCRIPCIÓN FÍSICA | |
| Extensión | [1] foja |
| Dimensiones | 31 x 21 cm |
| 500 ## - NOTA GENERAL | |
| Nota general | Documento expedido el 3 de diciembre de 1841 |
| 500 ## - NOTA GENERAL | |
| Nota general | Acreditación de usar la cruz de distinción que la S. A. Regente del Reino a nombre de S. M. la REINA ISABEL II a Don Thomas de la Maza |
| 500 ## - NOTA GENERAL | |
| Nota general | Papel con marca de agua |
| 500 ## - NOTA GENERAL | |
| Nota general | En el margen superior tiene la leyenda: EL SECRETARIO DE ESTADO Y DE DESPACHO. UNIVERSAL DE LA GUERRA |
| 500 ## - NOTA GENERAL | |
| Nota general | Estado de conservación: contiene dobleces y márgenes maltratados |
| 500 ## - NOTA GENERAL | |
| Nota general | Donación del Sr. Gonzalo Tassier 10 agosto 1995 |
| 505 0# - NOTA DE CONTENIDO CON FORMATO | |
| Nota de contenido con formato | Don Thomas de la Maza individuo que fue al batallón de la Milicia Nacional movilizada de Sevilla. Ha creditado en debida forma heberse hecho digno de usar la cruz de distinción que S. A. el Regente del Reino, a nombre de S. M. la REINA DOÑA ISABEL II, tuvo a bien conceder por su resolución de tres de diciembre de mil ochocientos cuarenta y uno, a todos los individuos que compusieron los dos batallones de la Milicia nacional movilizada de la provincia de Madrid por el importante activo servicio que prestaron en mil ochocientos treita y seis a la causa nacional y libertad de la Patria, tanto en descatamentos avanzados al enemigo, como recorriendo las provincias de Guadalajara y Toledo en persecución de los rebeldes que vagan por las mismas y otras limítrofes; cuya decoración se sirvio S. A. el Regente del Reino a nombre de M. S. la REINA DOÑA ISABEL II |
| 506 0# - NOTA DE RESTRICCIONES AL ACCESO | |
| Limitaciones de acceso | Fondo reservado: para su consulta es necesario credencial de usuario y carta de motivos. |
| 546 ## - NOTA DE LENGUA/LENGUAJE | |
| Nota de lengua/lenguaje | Texto en: español de finales del siglo XIX |
| 600 14 - PUNTO DE ACCESO ADICIONAL DE MATERIA--NOMBRE DE PERSONA | |
| Nombre de persona | Maza, Thomas de la |
| Títulos y otros términos asociados al nombre | Militar |
| 9 (RLIN) | 13844 |
| 650 14 - PUNTO DE ACCESO ADICIONAL DE MATERIA--TÉRMINO DE MATERIA | |
| Término de materia o nombre geográfico como elemento de entrada | Documentos diplomáticos |
| Subdivisión de forma | Impreso con rúbrica |
| Subdivisión general | Historia |
| Subdivisión cronológica | Casa de Borbón, 1700 |
| Subdivisión geográfica | España |
| 9 (RLIN) | 13845 |
| 700 1# - PUNTO DE ACCESO ADICIONAL--NOMBRE DE PERSONA | |
| Nombre de persona | Isabel de España |
| Numeración | II |
| Títulos y otros términos asociados al nombre | Reina |
| Fechas asociadas al nombre | 1830-1904 |
| Término indicativo de función/relación | Borbón y Borbón, María Isabel Luisa de |
| 9 (RLIN) | 13846 |
| 902 ## - CATALOGADOR | |
| Iniciales | DDH |
| 942 ## - ELEMENTOS DE PUNTO DE ACCESO ADICIONAL (KOHA) | |
| Fuente del sistema de clasificación o colocación | Library of Congress Classification |
| Tipo de ítem Koha | Documentos |
| Estado de retiro | Estado de pérdida | Estado dañado | No para préstamo | Localización permanente | Ubicación/localización actual | Fecha de adquisición | Total de préstamos | Signatura topográfica completa | Código de barras | Fecha visto por última vez | Precio válido a partir de | Tipo de ítem Koha |
|---|---|---|---|---|---|---|---|---|---|---|---|---|
| El ejemplar forma parte de la colección y puede ser consultado según las políticas vigentes. | Biblioteca del Museo Franz Mayer (Rogerio Casas-Alatriste) | Biblioteca del Museo Franz Mayer (Rogerio Casas-Alatriste) | 10/12/2010 | DOC6 .M39 1841 D1995 | 5854 | 22/03/2019 | 22/03/2019 | Documentos |